Concepts for operations management

Αποθηκεύτηκε σε:
Λεπτομέρειες βιβλιογραφικής εγγραφής
Κύριος συγγραφέας: Wild, Ray
Μορφή: Βιβλίο
Γλώσσα:English
Δημοσίευση: Chichester : New York : Wiley, c1977
Θέματα:
Ετικέτες: Προσθήκη ετικέτας
Δεν υπάρχουν, Καταχωρήστε ετικέτα πρώτοι!

MARC

LEADER 00000cam a2200000 i 4500
001 1/48402
008 950713s1977 eng d
020 |a 0471995398 (pbk) 
035 |l 10026664 
040 |a GR-MY-UA  |b gre  |e aacr 
041 0 |a eng 
082 0 |a 658.4 
100 1 |a Wild, Ray. 
245 1 0 |a Concepts for operations management /  |c Ray Wild 
246 3 3 |a Operations management 
260 |a Chichester :   |a New York :   |b Wiley,   |c c1977 
300 |a v, 185 p.;  |b ill.;  |c 24 cm 
500 |a "A Wiley-Interscience publication." 
504 |a Includes bibliographical references and index 
650 0 0 |a Industrial management. 
650 0 0 |a System analysis. 
852 |a INST  |b CHIOS  |e 19950713  |h 658.4 WIL  |p 005200004438  |q 005200004438  |t BK  |y 0 
909 |a Χ  |b 000026 
922 |a 2ΕΛΗ  |b 199803  |c ΤΔΕ  |d ΠΑΠΑΣΩΤΗΡΙΟΥ